| 000 | 00823nam a2200241Ia 4500 | ||
|---|---|---|---|
| 003 | OSt | ||
| 005 | 20220926022554.0 | ||
| 006 | a|||||r|||| 00| 0 | ||
| 007 | ta | ||
| 008 | 220923b |||||||| |||| 00| 0 eng d | ||
| 037 | _cGeneral Book | ||
| 040 |
_aRTL _cRTL _beng |
||
| 041 |
_2eng _aeng |
||
| 082 | _aX:9Fs, N3/UN | ||
| 110 |
_aUnited Nations, Economic and Social Information and Policy Analysis Statistical Division _9328014 |
||
| 245 | 0 |
_aMethods of measuring women's economic activity _b T |
|
| 260 |
_aNew York _bUnited Nations USA _c1993 |
||
| 300 |
_a265p. _ccm. |
||
| 650 |
_aLabour Economics _921364 |
||
| 700 |
_aUnited Nations, Economic and Social Information and Policy Analysis Statistical Division _9328015 |
||
| 942 |
_hX:9Fs, N3/UN _cGB _2CC |
||
| 999 |
_c639800 _d639800 |
||